| 000 | 00781nam a2200253Ia 4500 | ||
|---|---|---|---|
| 001 | Z_2417 | ||
| 008 | 220601s9999 xx 000 0 und d | ||
| 020 | _a978-968-02-0377-2 | ||
| 082 | _a634.0972 F78 | ||
| 245 | _aFrutales nativos : un recurso fitogenético de México / editor Raúl Nieto Ángel | ||
| 260 | _aChapingo, México : Universidad Autonoma de Chapingo | ||
| 300 | _a270 p. | ||
| 503 | _aej.1: s/n | ||
| 504 | _aIncluye bibliografía | ||
| 650 | _a1. Fruticultura -- México | ||
| 650 | _aÁrboles frutales -- México | ||
| 650 | _aGenética vegetal | ||
| 700 |
_aNieto Ángel, Raúl, ed.Ì _9179440 |
||
| 901 | _a634.0972 F78 | ||
| 902 | _aM | ||
| 905 | _a5232272007 mx bdmn8222223322spa16 | ||
| 942 | _c1 | ||
| 999 |
_c216866 _d216866 |
||